Herramientas gerenciales Visin̤ globalizada de la comercializacin̤ /

Detalles Bibliográficos
Autor principal: Maldonado Pinto, Jorge Enrique
Formato: eBook
Lenguaje:español
Publicado: Bogot ̀: Ediciones de la U, 2010.
Materias:
Acceso en línea:Acceso restringido

MARC

LEADER 00000nam a22000007a 4500
005 20110901140450.0
008 110901t2010 ck ||||s|||| 00| 0 spa d
020 |a 978-958-446-858-1 
035 |a 5573 
040 |a vLex 
090 |c 2337  |d 2337 
100 1 |a Maldonado Pinto, Jorge Enrique 
245 1 0 |a Herramientas gerenciales  |b Visin̤ globalizada de la comercializacin̤ /  |c Jorge Enrique Maldonado Pinto  |h [Recurso electrn̤ico] : 
256 |a Servicio en ln̕ea. 
260 |a Bogot ̀:  |b Ediciones de la U,  |c 2010. 
500 |a La gerencia actual se enfrenta a la globalizacin̤ como realidad de estos tiempos, para ello debe realizar alianzas estratǧicas con el objeto de abastecer grandes mercados. La simplificacin̤ de las distancias en el da̕ a da̕ empresarial, las velocidades de negociacin̤ que proporcionan las multiredes, el sentido de la oportunidad en la correcta evaluacin̤ de situaciones especf̕icas de mercado, entre otras importantes variables de la gestin̤ empresarial, requieren poner en prc̀tica las herramientas gerenciales para la toma de decisiones y el logro de los objetivos organizacionales. 
506 1 |a Contenido solo disponible en los productos indicados  |d vLex Global  |d vLex Global (Academic Edition, excluding Law Schools)  |d vLex Global (U.S. Academic Edition, Law Schools)  |d vLex Global (U.S. Academic Edition, excluding Law Schools)  |d vLex Global (Academic Edition, Law Schools) 
650 0 4 |a Administracin̤  |z Colombia 
740 0 |a vLex Libros (Servicio en ln̕ea) 
856 4 0 |u http://vlex.com/source/herramientas-gerenciales-vision-globalizada-comercializacion-5573  |z Acceso restringido 
942 |c BOOK